000 00259nam a22001217a 4500
008 160510b xxu||||| |||| 00| 0 eng d
020 _a9780878911844
020 _a0878911847
041 _aeng
080 _a54
245 _aChemistry:
_cREA:
942 _2udc
_cBK
999 _c1992
_d1992